00350nam a2200157Ia 4500008003600000041000800036082001300044100001500057245003300072260003800105650001200143650001000155650001200165650000700177650000800184210210b xxu||||| |||| 00| 0 eng d aeng a822/1052 aRUSKLN (J) aSeasame and lilies: Rouse Ed aLondonbBlackie and Son Limitedc aSeasame aRouse alilies: aEd aand